Prešovskí poslanci schválili prevod nemocnice na mesto zdravotníctvo. Levočskí sa zase rozhodli pre akciovú spoločnosť

Podrobná bibliografia
Hlavný autor: Dubivská, Daniela, 1966- (Autor)
Médium: Článok
Jazyk:slovenčina
PhysicalDescription:Fotogr.
ISSN:1335-759X
Predmet:

MARC

LEADER 00000nab a2200000 ar4500
001 vtls008427888
003 SK-MaSNL
005 20260303070248.0
008 060202c20041220xo mr|p|||||||000 b|slo
038 |a SNSK 
040 |b slo  |c SNSK  |e AACR2 
041 0 |a slo 
044 |a xo  |c SK 
080 |a 362.111  |2 UDC-MRF-SK2 
100 1 |a Dubivská, Daniela,  |d 1966-  |4 aut  |9 155615 
245 1 0 |a Prešovskí poslanci schválili prevod nemocnice na mesto  |b zdravotníctvo. Levočskí sa zase rozhodli pre akciovú spoločnosť  |c Daniela Dubivská 
300 |b Fotogr. 
610 2 7 |a Nemocnica s poliklinikou (Levoča, Slovensko)  |2 snsk  |9 33844 
650 0 7 |a zmeny majiteľov  |2 snsk  |9 1021722 
651 7 |a Levoča (Slovensko)  |2 snsk  |9 26696 
773 0 |t Spišský denník Korzár  |g Roč. VI., č. 293 (20.12.2004), s. 1.  |x 1335-759X 
852 |a SNSK  |b KIS3GCP 
999 |c 1754585  |d 1756515